Drawing wildlife / (Record no. 1096)

MARC details
000 -LEADER
fixed length control field 01207cam a22003254a 4500
005 - DATE AND TIME OF LATEST TRANSACTION
control field 20260322212046.0
008 - FIXED-LENGTH DATA ELEMENTS--GENERAL INFORMATION
fixed length control field data
010 ## - LIBRARY OF CONGRESS CONTROL NUMBER
LC control number 2004026383
020 ## - INTERNATIONAL STANDARD BOOK NUMBER
International Standard Book Number 0823023796 (alk. paper)
020 ## - INTERNATIONAL STANDARD BOOK NUMBER
International Standard Book Number 9780823023790 (alk. paper)
040 ## - CATALOGING SOURCE
Original cataloging agency DLC
Transcribing agency DLC
Modifying agency DLC
042 ## - AUTHENTICATION CODE
Authentication code pcc
043 ## - GEOGRAPHIC AREA CODE
Geographic area code n------
050 00 - LIBRARY OF CONGRESS CALL NUMBER
Classification number NC780
Item number .A475 2005
082 00 - DEWEY DECIMAL CLASSIFICATION NUMBER
Classification number 743.6/9
Edition information 22
092 ## - LOCALLY ASSIGNED DEWEY CALL NUMBER (OCLC)
Classification number 743.6 A475 2005
001 - CONTROL NUMBER
control field data
100 1# - MAIN ENTRY--PERSONAL NAME
Personal name Amberlyn, J. C.
245 10 - TITLE STATEMENT
Title Drawing wildlife /
Statement of responsibility, etc. J. C. Amberlyn.
260 ## - PUBLICATION, DISTRIBUTION, ETC.
Place of publication, distribution, etc. New York :
Name of publisher, distributor, etc. Watson-Guptill Publications,
Date of publication, distribution, etc. c2005.
300 ## - PHYSICAL DESCRIPTION
Extent 192 p. :
Other physical details ill. (some col.) ;
Dimensions 27 cm.
500 ## - GENERAL NOTE
General note Includes index.
650 #0 - SUBJECT ADDED ENTRY--TOPICAL TERM
Topical term or geographic name entry element Mammals in art.
650 #0 - SUBJECT ADDED ENTRY--TOPICAL TERM
Topical term or geographic name entry element Drawing
General subdivision Technique.
650 #0 - SUBJECT ADDED ENTRY--TOPICAL TERM
Topical term or geographic name entry element Mammals
Geographic subdivision North America.
856 41 - ELECTRONIC LOCATION AND ACCESS
Materials specified Table of contents
Uniform Resource Identifier <a href="http://www.loc.gov/catdir/toc/ecip053/2004026383.html">http://www.loc.gov/catdir/toc/ecip053/2004026383.html</a>
906 ## - LOCAL DATA ELEMENT F, LDF (RLIN)
a 7
b cbc
c orignew
d 1
e ecip
f 20
g y-gencatlg
925 0# -
-- acquire
-- 2 shelf copies
-- policy default
955 ## - COPY-LEVEL INFORMATION (RLIN)
-- jh34 2004-11-08 to SL
-- jh09 to Dewey 2004-11-08
-- jh32 2005-06-14;
-- jh32 2005-06-14 to BCCD
Holdings
Withdrawn status Lost status Damaged status Not for loan Home library Current library Shelving location Date acquired Total checkouts Full call number Barcode Date last seen Price effective from Koha item type
        Franklin Franklin General stacks 22/03/2026   743.6/9 22 BC0011130 22/03/2026 22/03/2026 Books